000 00678nam a2200229 u 4500
005 20240806064019.0
008 120905s2011 r 000 0 eng d
020 _a9786074003444
035 _aUPN01000186438
049 _aCG
050 4 _aPR6052 O9.4
_bS5.6
100 1 _aBowler, Tim
_932640
245 1 0 _aBlade, sin salida /
_cTim Bowler ; tr. de Mercedes Guhl.
260 _aMéxico :
_bOcéano,
_c2011.
300 _a94 p.
440 0 _aTravesía.
_pEl lado oscuro
534 _pTítulo original:
_tBlade : closing in
650 4 _aLiteratura inglesa
_95228
650 4 _aNIÑOS DE LA CALLE -
_vNOVELA
_921238
650 0 _aViolencia
_vNovela
_921236
905 _aLibro
999 _c158541
_d158541